<?xml version="1.0" encoding="UTF-8"?>
<collection xmlns="http://www.loc.gov/MARC21/slim">
 <record>
  <leader>00505pamaa2200157   4500</leader>
  <controlfield tag="001">0000016569</controlfield>
  <controlfield tag="005">20060609090000.0</controlfield>
  <datafield tag="020" ind1="0" ind2="0">
   <subfield code="a">0139539859 </subfield>
  </datafield>
  <datafield tag="082" ind1=" " ind2=" ">
   <subfield code="a">650.13 DEE</subfield>
  </datafield>
  <datafield tag="090" ind1="0" ind2="0">
   <subfield code="a">HF5381 </subfield>
   <subfield code="b">DEE 1993</subfield>
  </datafield>
  <datafield tag="100" ind1="1" ind2="0">
   <subfield code="a">DEEP </subfield>
  </datafield>
  <datafield tag="245" ind1="1" ind2="0">
   <subfield code="a">What to ask when you don't  know what to say : </subfield>
   <subfield code="b">555 powerful questions to use for getting your way at work  </subfield>
   <subfield code="c">Sam Deep and Lyle Sussman..</subfield>
  </datafield>
  <datafield tag="260" ind1="0" ind2="0">
   <subfield code="a">New Jersey: </subfield>
   <subfield code="b">Prentice Hall, </subfield>
   <subfield code="c">1993.</subfield>
  </datafield>
  <datafield tag="300" ind1=" " ind2=" ">
   <subfield code="a">xxiii, 310p.; </subfield>
   <subfield code="c">23 cm.</subfield>
  </datafield>
  <datafield tag="650" ind1="0" ind2="0">
   <subfield code="a">Career development </subfield>
  </datafield>
  <datafield tag="700" ind1="1" ind2="1">
   <subfield code="a">Sussman, </subfield>
   <subfield code="h">Lyle </subfield>
  </datafield>
 </record>
</collection>
